Mejoramiento de la calidad de la educación primaria : estudio comparativo en 5 zonas del estado de Puebla : estudio realizado bajo la coordinación del Instituto Interregional de Planificación Educativa (IIPE) de la UNESCO.

Salvato in:
Dettagli Bibliografici
Autore principale: Schmelkes, Sylvia (autor)
Natura: Libro
Lingua:spagnolo
Soggetti:
Tags: Aggiungi Tag
Nessun Tag, puoi essere il primo ad aggiungerne!!

MARC

LEADER 00000cam^a2200000uu^4500
001 000473198
005 20250911000000.0
008 050901s1992^^^^^^^^^^^^rd^r^^000^0^spa^d
009 20260310124708.591
035 |a FCE 000016032 
035 |a FCE 011910 
037 |a Acervo ITESO - Biblioteca 
041 |a spa 
082 0 4 |a 372.972  |b SCHm 
100 |a Schmelkes, Sylvia  |e (autor) 
245 1 0 |a Mejoramiento de la calidad de la educación primaria :  |b estudio comparativo en 5 zonas del estado de Puebla : estudio realizado bajo la coordinación del Instituto Interregional de Planificación Educativa (IIPE) de la UNESCO. 
264 |a México :  |b CEE,  |c 1992. 
300 |a 279 p. 
336 |a texto  |b txt  |2 rdacontenido 
337 |a sin mediación  |b n  |2 rdamedio 
338 |a volumen  |b nc  |2 rdasoporte 
649 |a XX 
650 |a Estudio comparativo 
650 |a Educación primaria 
650 |a Calidad de la educación 
650 |a Investigación educativa 
650 |a Puebla, México 
910 |a Fondo Centro de Estudios Educativos 
920 |a Impresos - Libros 
930 |a Fondos Especiales 
905 |a 133 
901 |a ALE011910  |b IT2  |c CEE  |u 20250521 
902 |a https://opac.biblio.iteso.mx/vufind/Record/000473198